Status of rural women in India: a study of Karanataka (Record no. 347986)

000 -LEADER
fixed length control field 00459cam a22001457a 4500
008 - FIXED-LENGTH DATA ELEMENTS--GENERAL INFORMATION
fixed length control field 180718b1982 xxu||||| |||| 00| 0 eng d
082 ## - DEWEY DECIMAL CLASSIFICATION NUMBER
Classification number B142x5444 K147
100 ## - MAIN ENTRY--PERSONAL NAME
Personal name Khan, M. Ali
245 ## - TITLE STATEMENT
Title Status of rural women in India: a study of Karanataka
Statement of responsibility, etc. by M. Ali Khan and Noor Ayesha
260 ## - PUBLICATION, DISTRIBUTION, ETC.
Place of publication, distribution, etc. Delhi
Name of publisher, distributor, etc. Uppal
Date of publication, distribution, etc. 1982
300 ## - PHYSICAL DESCRIPTION
Extent 224p.
650 ## - SUBJECT ADDED ENTRY--TOPICAL TERM
Topical term or geographic name entry element Community life, Rural - India - Karanataka
650 ## - SUBJECT ADDED ENTRY--TOPICAL TERM
Topical term or geographic name entry element Women - India - Karanataka
700 ## - ADDED ENTRY--PERSONAL NAME
Personal name Ayesha, Noor
Holdings
Withdrawn status Lost status Damaged status Not for loan Permanent Location Current Location Date acquired Full call number Barcode Date last seen Price effective from Koha item type
        Indian Institute of Public Administration Indian Institute of Public Administration 1993-10-21 B142x5444 K147 58042 2018-07-21 2018-07-21 Book

Powered by Koha